| 000 | 00380nam a2200133 4500 | ||
|---|---|---|---|
| 001 | 4241 | ||
| 005 | 20181127172935.0 | ||
| 020 | 0 | 0 | _a1582793948 |
| 090 | 0 | 0 | _a423.12 T824w 2006 |
| 245 | 0 | 0 |
_aThe new international Webster's standard thesaurus. _b _c _h |
| 260 | 0 | 0 |
_aUSA : _bTrident Reference Pub, _c2006. |
| 300 | 0 | 0 | _a331 p. ; 25 cm. |
| 650 | 0 | 0 |
_aEnglish language --Synonyms and antonyms. _x |
| 999 |
_c3490 _d3490 |
||